Geologicheskoe istolkovanie magnitorazvedochnykh dannykh.

Bibliographic Details
Main Author: Sokolov, Konstantin Pavlovich
Format: Book
Language:Russian
Published: Moskva : Gos. nauchno-tekhn. izd-vo lit-ry po geologii i okhrane nedr, 1956.
Subjects:

MARC

Tag First Indicator Second Indicator Subfields
LEADER 00000cam a2200000Ma 4500
001 in00001704310
005 20151024155113.0
008 960404s1956 ru a b 000 0 rus d
035 |a (OCoLC)ocm46404761 
040 |a OKU  |c OKU  |d OCL  |d TXA  |d UtOrBLW 
049 |a TXAM 
090 |a TN269  |b S65 1956 
100 1 |a Sokolov, Konstantin Pavlovich. 
245 1 0 |a Geologicheskoe istolkovanie magnitorazvedochnykh dannykh. 
264 1 |a Moskva :  |b Gos. nauchno-tekhn. izd-vo lit-ry po geologii i okhrane nedr,  |c 1956. 
300 |a 126 pages :  |b illustrations ;  |c 22 cm. 
336 |a text  |b txt  |2 rdacontent 
337 |a unmediated  |b n  |2 rdamedia 
338 |a volume  |b nc  |2 rdacarrier 
500 |a Errata slip inserted. 
504 |a Includes bibliographical references (pages 126-[127]). 
650 0 |a Prospecting  |x Geophysical methods. 
650 0 |a Geomagnetism. 
948 |a cataloged  |b h  |c 2002/9/27  |d c  |e spoltoratski  |f 5:02:03 pm 
949 |a updated  |b h  |c 2002/9/27  |e spoltoratski  |f 5:02:08 pm 
994 |a E0  |b TXA 
999 |a MARS 
999 f f |s 3186fdae-023b-36d2-bb9f-c454dd0cfc7d  |i 336c82fb-4e0b-3b20-8ee5-aa157cddf8bc  |t 0 
952 f f |p ric  |a Texas A&M University  |b Rellis Campus  |c Joint Library Facility  |d Remote Storage  |t 0  |e TN269 S65 1956  |h Library of Congress classification  |i unmediated -- volume  |m A14829232320 
998 f f |a TN269 S65 1956  |t 0  |l Remote Storage